| 000 | 01206nam a2200313 i 4500 | ||
|---|---|---|---|
| 003 | EG-GICUC | ||
| 005 | 20260401093326.0 | ||
| 008 | 260401s1968 -uk||||fr|||| 001 0 eng d | ||
| 020 | _a | ||
| 040 |
_aEG-GiCUC _beng _cEG-GiCUC _dEG-GiCUC _erda |
||
| 041 | 0 | _aeng | |
| 082 | 0 | 4 |
_221 _a341.48 _bHU |
| 092 | 0 | 4 | _221 |
| 099 | _aLaw1 11 341.48 HU 1968 | ||
| 245 | 0 | 4 |
_aHuman Rights in National And International Law : _bThe Proceedings Of The Second International Conference On The European Convention On Human Rights Held In Vienna Under The Auspices Of The Council Of Europe And The University Of Vienna, 18-20 October 1965 / _cEdited By A. H. Robertson. |
| 264 | 1 |
_aManchester : _bManchester University Press, _c1968. |
|
| 300 |
_a396 pages, _c24 cm _billustrations, |
||
| 336 |
_2rda content _atext |
||
| 337 |
_2rda media _aComputer |
||
| 338 |
_2rda carrier _aOnline Resource |
||
| 504 | _aIncludes bibliographical references and index. | ||
| 546 | _aText in English | ||
| 650 | 1 | 4 |
_aPublic international law _2qrmak |
| 651 | 1 | _2qrmak | |
| 700 | 1 |
_aRobertson, A. H _eeditor. |
|
| 856 | 4 | 0 | _uhttps://fll.law.cu.edu.eg/fulltext/bks/B11-09377.pdf |
| 905 | _a48 | ||
| 942 |
_2ddc _cBK _e21 _n0 |
||
| 999 |
_c68063 _d68063 |
||